00747cam a22002057a 4500003000500000005001700005008004100022010001000063011001000073035001000083040000900093100002600102245017100128260004100299300001000340502010900350650001900459650002500478650003800503CHAP20220329142450.0010329d2000 mx r 00110 spa d a83862 a84834 a95360 cCHAP00aMuñiz Reyes, Erica.10aEtiología del agente causal de la mancha de la hoja y pudrición del tallo de difenbaquia (Dieffenbaquia amoena Bull) en Xochimilco, D.F.c/por Erica Muñiz Reyes aChapingo, Méx. :bEl autor,c2001. a69 h. aTesis (Ing. Agr. Esp. en Parasitología Agrícola) -- UACH. Departamento de Parasitología Agrícola14aDieffenbachia.14aPlantas herbáceas.14aPlantasxEnfermedades por hongos.